| 000 | 00530nam a2200157 4500 | ||
|---|---|---|---|
| 001 | 133430 | ||
| 003 | ES-MaACL | ||
| 005 | 20230906194413.0 | ||
| 007 | t| | ||
| 008 | 070214s1914 ag r ||||1| spa d | ||
| 100 | 1 |
_aRuiz, Diego. _9100600 |
|
| 245 | 1 | 4 |
_aLos orígenes de la interpretación psiquiátrica de la Historia humana _b: ¿qué es el genio en la interpretación psiquiátrica de la Historia? / _cDiego Ruíz. |
| 260 |
_aBuenos Aires : _b`La Semana Médica`, _c1914. |
||
| 300 | _a21 p. | ||
| 852 |
_aES-MaACL _jT-1415-F-8 |
||
| 999 |
_c133430 _d133430 |
||